[Event "Garde-ch"]
[Site "Ufa"]
[Date "2015.04.15"]
[Round "11.3"]
[White "Abzalov, Lev"]
[Black "Penzin, Vladimir"]
[Result "1-0"]
[WhiteElo "1867"]
[BlackElo "2071"]
[PlyCount "49"]
[EventDate "2015.04.14"]
[EventType "tourn"]
[EventRounds "14"]
[EventCountry "RUS"]
[SourceTitle "EXT 2022"]
[Source "ChessBase"]
[SourceDate "2021.10.06"]
[SourceVersion "1"]
[SourceVersionDate "2021.10.06"]
[SourceQuality "1"]

1. d4 Nf6 2. Nf3 g6 3. g3 Bg7 4. Bg2 0-0 5. 0-0 d5 6. c4 dxc4 7. Nbd2 Nc6 8. Nxc4 Be6 9. Nce5 Bd5 10. Nxc6 Bxc6 11. Bd2 Qc8 12. Re1 Rd8 13. e3 a5 14. Rc1 Ne4 15. Qc2 Qf5 16. Red1 g5 17. Be1 Qg6 18. Ne5 Bxe5 19. dxe5 g4 20. Rd4 Rxd4 21. exd4 Rd8 22. d5 Bxd5 23. Qxc7 Re8 24. Qd7 Kf8 25. Qxd5 1-0

[Event "Garde-ch"]
[Site "Ufa"]
[Date "2015.04.15"]
[Round "12.3"]
[White "Penzin, Vladimir"]
[Black "Afanasiev, Dmitry"]
[Result "1-0"]
[WhiteElo "2071"]
[BlackElo "1848"]
[PlyCount "41"]
[EventDate "2015.04.14"]
[EventType "tourn"]
[EventRounds "14"]
[EventCountry "RUS"]
[SourceTitle "EXT 2022"]
[Source "ChessBase"]
[SourceDate "2021.10.06"]
[SourceVersion "1"]
[SourceVersionDate "2021.10.06"]
[SourceQuality "1"]

1. e4 e5 2. Nf3 d6 3. Bc4 Be7 4. d4 exd4 5. Nxd4 Nf6 6. Nc3 0-0 7. h3 Nc6 8. 0-0 Nd7 9. Bxf7+ Rxf7 10. Ne6 Qe8 11. Nxc7 Qd8 12. Nxa8 b6 13. Nd5 Nde5 14. f4 Ba6 15. Nac7 Bxf1 16. Qxf1 Nd4 17. Qf2 Nec6 18. Be3 Bh4 19. g3 Bxg3 20. Qg2 Qh4 21. c3 1-0

[Event "Garde-ch"]
[Site "Ufa"]
[Date "2015.04.14"]
[Round "10.2"]
[White "Penzin, Vladimir"]
[Black "Urmanov, Ilgiz"]
[Result "1-0"]
[WhiteElo "2071"]
[BlackElo "1905"]
[PlyCount "83"]
[EventDate "2015.04.14"]
[EventType "tourn"]
[EventRounds "14"]
[EventCountry "RUS"]
[SourceTitle "EXT 2022"]
[Source "ChessBase"]
[SourceDate "2021.10.06"]
[SourceVersion "1"]
[SourceVersionDate "2021.10.06"]
[SourceQuality "1"]

1. e4 c6 2. d4 d5 3. Nc3 dxe4 4. Nxe4 Nf6 5. Nxf6+ exf6 6. Nf3 Bd6 7. Bd3 0-0 8. 0-0 Bg4 9. h3 Bh5 10. Re1 Nd7 11. c4 Re8 12. Be3 Bb4 13. Rf1 Nf8 14. Qb3 Qe7 15. Nh4 Bg6 16. Nf5 Bxf5 17. Bxf5 g6 18. Bc2 Bd6 19. c5 Bc7 20. Rfe1 Ba5 21. Bd2 Qc7 22. Rxe8 Rxe8 23. Be3 f5 24. g3 b5 25. Qa3 Qd8 26. b4 Bc7 27. Qxa7 Bxg3 28. Bb3 Nd7 29. Bh6 Bxf2+ 30. Kf1 Bh4 31. Qb7 Qe7 32. Qxc6 Qe2+ 33. Kg1 g5 34. Qg2 Qh5 35. Qd5 Nb8 36. Rf1 g4 37. Rxf5 Re1+ 38. Rf1 Rxf1+ 39. Kxf1 Qxd5 40. Bxd5 gxh3 41. Bf4 h6 42. Bxb8 1-0

[Event "Garde-ch"]
[Site "Ufa"]
[Date "2015.04.12"]
[Round "6.4"]
[White "Efimov, Georgiy"]
[Black "Penzin, Vladimir"]
[Result "0-1"]
[WhiteElo "1848"]
[BlackElo "2071"]
[PlyCount "112"]
[EventDate "2015.04.14"]
[EventType "tourn"]
[EventRounds "14"]
[EventCountry "RUS"]
[SourceTitle "EXT 2022"]
[Source "ChessBase"]
[SourceDate "2021.10.06"]
[SourceVersion "1"]
[SourceVersionDate "2021.10.06"]
[SourceQuality "1"]

1. e4 c5 2. d4 cxd4 3. c3 d3 4. c4 Nc6 5. Bxd3 Nf6 6. Nf3 d6 7. h3 g6 8. 0-0 Bg7 9. Nc3 0-0 10. Be3 b6 11. Rc1 Bb7 12. Qd2 Rc8 13. a3 Nd7 14. Bh6 Nde5 15. Nxe5 Bxh6 16. Qxh6 Nxe5 17. Qe3 Nxc4 18. Bxc4 Rxc4 19. Nd5 Rxc1 20. Rxc1 e6 21. Nf4 Qe7 22. b4 Rc8 23. Rxc8+ Bxc8 24. a4 Qc7 25. Qd2 Bb7 26. f3 a5 27. b5 Qc5+ 28. Kh2 Qe5 29. g3 d5 30. exd5 exd5 31. Ne2 Kf8 32. Kg2 Ke7 33. Kf2 g5 34. Qd4 Qxd4+ 35. Nxd4 Kd6 36. Nb3 Bc8 37. g4 h5 38. Ke3 hxg4 39. hxg4 f5 40. gxf5 Bxf5 41. Nd4 Bb1 42. Kd2 Bg6 43. Nc6 Bh5 44. Nd4 Ke5 45. Ke3 Be8 46. Nc2 Bd7 47. Nd4 Kd6 48. Kd2 g4 49. fxg4 Bxg4 50. Nc6 Kc5 51. Kc2 d4 52. Kc1 Bf3 53. Ne5 Be4 54. Kd2 Bf5 55. Nc6 Kc4 56. Kc1 Kc3 0-1

[Event "Garde-ch"]
[Site "Ufa"]
[Date "2015.04.10"]
[Round "1.1"]
[White "Penzin, Vladimir"]
[Black "Poluektov, Danil"]
[Result "1-0"]
[WhiteElo "2071"]
[BlackElo "1390"]
[PlyCount "53"]
[EventDate "2015.04.14"]
[EventType "tourn"]
[EventRounds "14"]
[EventCountry "RUS"]
[SourceTitle "EXT 2022"]
[Source "ChessBase"]
[SourceDate "2021.10.06"]
[SourceVersion "1"]
[SourceVersionDate "2021.10.06"]
[SourceQuality "1"]

1. e4 e5 2. f4 d6 3. Nf3 Nc6 4. Bc4 Bg4 5. c3 Nf6 6. h3 Bxf3 7. Qxf3 Be7 8. Na3 a6 9. Nc2 b5 10. Bb3 Na5 11. Ne3 Nxb3 12. axb3 0-0 13. 0-0 Nd7 14. Nd5 c6 15. Nb4 Qc7 16. f5 Qb6+ 17. Kh2 Nc5 18. d3 Nxb3 19. Be3 c5 20. Nd5 Qd8 21. Ra3 c4 22. dxc4 bxc4 23. Bb6 Qd7 24. f6 Nd2 25. Nxe7+ Kh8 26. fxg7+ Kxg7 27. Qf6# 1-0

[Event "Garde-ch"]
[Site "Ufa"]
[Date "2015.04.10"]
[Round "2.4"]
[White "Penzin, Vladimir"]
[Black "Sukhoplyev, Pavel"]
[Result "1-0"]
[WhiteElo "2071"]
[BlackElo "1991"]
[PlyCount "55"]
[EventDate "2015.04.14"]
[EventType "tourn"]
[EventRounds "14"]
[EventCountry "RUS"]
[SourceTitle "EXT 2022"]
[Source "ChessBase"]
[SourceDate "2021.10.06"]
[SourceVersion "1"]
[SourceVersionDate "2021.10.06"]
[SourceQuality "1"]

1. e4 e5 2. Nf3 Nc6 3. Bc4 Bc5 4. b4 Bxb4 5. c3 Ba5 6. d4 d6 7. Qb3 Qf6 8. d5 Nce7 9. Qb5+ Bd7 10. Qxa5 Qg6 11. 0-0 b6 12. Qb4 Qxe4 13. Nbd2 Qg6 14. Re1 Nf6 15. Nxe5 dxe5 16. Rxe5 0-0 17. Rxe7 Bh3 18. g3 Rfe8 19. Rxe8+ Rxe8 20. Ba3 h5 21. Qb1 Bf5 22. Qf1 h4 23. Nf3 hxg3 24. hxg3 Be4 25. Nh4 Qg5 26. Re1 Nh5 27. Bc1 Qg4 28. Be2 1-0

[Event "Kalininsky Region-ch"]
[Site "Ufa"]
[Date "2014.10.19"]
[Round "3"]
[White "Penzin, Vladimir"]
[Black "Urmanov, Ilgiz"]
[Result "1-0"]
[WhiteElo "2056"]
[BlackElo "2026"]
[PlyCount "101"]
[EventDate "2014.10.05"]
[EventType "tourn"]
[EventRounds "10"]
[EventCountry "RUS"]
[SourceTitle "EXT 2023"]
[Source "ChessBase"]
[SourceDate "2022.10.05"]
[SourceVersion "1"]
[SourceVersionDate "2022.10.05"]
[SourceQuality "1"]

1. e4 c6 2. Nc3 d5 3. Nf3 dxe4 4. Nxe4 Nf6 5. Ng3 e6 6. d4 Bd6 7. Bd3 Nbd7 8. 0-0 Qc7 9. c4 b6 10. Qe2 0-0 11. Re1 Bb7 12. b3 a5 13. Bb2 a4 14. Ne5 Bb4 15. Rec1 a3 16. Bc3 Bxc3 17. Rxc3 c5 18. Nxd7 Qxd7 19. dxc5 bxc5 20. Qe3 Qc7 21. Be4 Bxe4 22. Nxe4 Nxe4 23. Qxe4 Rad8 24. Rh3 h6 25. Re3 Rd4 26. Qe5 Qe7 27. f4 Rfd8 28. Rae1 Rd2 29. R3e2 Rxe2 30. Qxe2 Qd6 31. g3 Qd4+ 32. Qf2 Qc3 33. Re2 Rd4 34. f5 e5 35. f6 Rd1+ 36. Kg2 Qd4 37. Qxd4 exd4 38. Kf3 gxf6 39. Re8+ Kg7 40. Ra8 Rd2 41. Rxa3 Rxh2 42. Ra5 d3 43. Rxc5 Rxa2 44. Rd5 d2 45. Ke2 Rb2 46. Rd3 Kf8 47. c5 Ke7 48. Kd1 h5 49. c6 Ra2 50. b4 Rb2 51. c7 1-0

[Event "Kalininsky Region-ch"]
[Site "Ufa"]
[Date "2014.10.12"]
[Round "2"]
[White "Afanasiev, Dmitry2"]
[Black "Penzin, Vladimir"]
[Result "0-1"]
[WhiteElo "1760"]
[BlackElo "2056"]
[PlyCount "46"]
[EventDate "2014.10.05"]
[EventType "tourn"]
[EventRounds "10"]
[EventCountry "RUS"]
[SourceTitle "EXT 2023"]
[Source "ChessBase"]
[SourceDate "2022.10.05"]
[SourceVersion "1"]
[SourceVersionDate "2022.10.05"]
[SourceQuality "1"]

1. e4 e5 2. Nf3 Nc6 3. d4 exd4 4. Nxd4 Bc5 5. Nb3 Bb6 6. Nc3 Nf6 7. Bg5 h6 8. Bh4 d6 9. Bd3 Be6 10. Na4 Ne5 11. Qe2 Ng6 12. Bg3 0-0 13. Nxb6 axb6 14. 0-0 h5 15. f3 h4 16. Be1 Nf4 17. Qe3 N6h5 18. Kh1 Qg5 19. Rg1 Ng3+ 20. Bxg3 hxg3 21. h3 Bxh3 22. gxh3 g2+ 23. Kh2 Qh4 0-1

[Event "Anapa op"]
[Site "Anapa"]
[Date "2012.09.02"]
[Round "3"]
[White "Penzin, Vladimir"]
[Black "Zherikhov, Igor"]
[Result "1-0"]
[WhiteElo "2081"]
[BlackElo "1919"]
[PlyCount "83"]
[EventDate "2012.08.30"]
[EventType "swiss"]
[EventRounds "9"]
[EventCountry "RUS"]
[SourceTitle "CBM 150 Extra"]
[Source "ChessBase"]
[SourceDate "2012.10.19"]
[SourceVersion "1"]
[SourceVersionDate "2012.10.19"]
[SourceQuality "1"]

1. e4 d6 2. d4 Nf6 3. Nc3 g6 4. Be2 Bg7 5. h4 h5 6. Bg5 Nbd7 7. Qd2 c5 8. Nf3 cxd4 9. Nxd4 Nc5 10. f3 Qa5 11. 0-0-0 0-0 12. Kb1 Bd7 13. Nd5 Qd8 14. Nxf6+ exf6 15. Bf4 Qb6 16. Nb3 Nxb3 17. axb3 Bc6 18. Be3 Qc7 19. Qxd6 Qc8 20. Bd4 f5 21. e5 Rd8 22. Qb4 a5 23. Qc3 Qe6 24. Bc4 Bd5 25. Bb5 Rdc8 26. Qe3 a4 27. bxa4 Ba2+ 28. Kc1 Bc4 29. Kb1 Bxb5 30. axb5 Qc4 31. Bc3 Qxb5 32. Rhe1 Qa4 33. Kc1 Kh7 34. f4 Bf8 35. Rd4 Qc6 36. Qf3 Qa6 37. Rd7 Rd8 38. Qd5 Rxd7 39. Qxd7 Qc4 40. g3 Bc5 41. e6 Ra1+ 42. Kd2 1-0

[Event "Ufa Kopylov Memorial op-B 6th"]
[Site "Ufa"]
[Date "2009.12.21"]
[Round "6"]
[White "Baiburin, Ildar"]
[Black "Penzin, Vladimir"]
[Result "1/2-1/2"]
[WhiteElo "2065"]
[BlackElo "2027"]
[PlyCount "96"]
[EventDate "2009.12.15"]
[EventType "swiss"]
[EventRounds "9"]
[EventCountry "RUS"]
[SourceTitle "EXT 2012"]
[Source "ChessBase"]
[SourceDate "2011.11.24"]
[SourceVersion "1"]
[SourceVersionDate "2011.11.24"]
[SourceQuality "1"]

1. e4 c5 2. Nf3 d6 3. d4 cxd4 4. Nxd4 Nf6 5. Nc3 g6 6. Be3 Bg7 7. f3 Nc6 8. Qd2 Bd7 9. 0-0-0 Qa5 10. g4 Rc8 11. Kb1 a6 12. h4 h5 13. g5 Ng8 14. f4 Bg4 15. Be2 Bxe2 16. Qxe2 e6 17. Nb3 Qc7 18. Qd2 Nge7 19. Qxd6 Qxd6 20. Rxd6 Rd8 21. Rxd8+ Kxd8 22. Rd1+ Kc7 23. Na4 Nc8 24. Nac5 Rd8 25. Rxd8 Nxd8 26. c3 Nd6 27. Kc2 Nc6 28. Kd3 e5 29. Nd2 exf4 30. Bxf4 Ne5+ 31. Ke2 Kc6 32. Nd3 Nec4 33. Nxc4 Nxc4 34. b3 Nd6 35. Be5 Bf8 36. Ke3 a5 37. Nf4 a4 38. Nd5 axb3 39. axb3 Nf5+ 40. exf5 Kxd5 41. Kf4 b5 42. fxg6 fxg6 43. Bc7 Bg7 44. c4+ bxc4 45. bxc4+ Kxc4 46. Be5 Bf8 47. Ke4 Bc5 48. Bg3 Bd4 1/2-1/2

[Event "Ufa Kopylov Memorial op-B 6th"]
[Site "Ufa"]
[Date "2009.12.20"]
[Round "5"]
[White "Penzin, Vladimir"]
[Black "Ibragimov, Maxim"]
[Result "1/2-1/2"]
[WhiteElo "2027"]
[BlackElo "2175"]
[PlyCount "110"]
[EventDate "2009.12.15"]
[EventType "swiss"]
[EventRounds "9"]
[EventCountry "RUS"]
[SourceTitle "EXT 2012"]
[Source "ChessBase"]
[SourceDate "2011.11.24"]
[SourceVersion "1"]
[SourceVersionDate "2011.11.24"]
[SourceQuality "1"]

1. e4 c5 2. Nf3 d6 3. d4 cxd4 4. Nxd4 Nf6 5. Nc3 a6 6. Bg5 e6 7. f4 Be7 8. Qf3 Nc6 9. Nb3 Qc7 10. 0-0-0 b5 11. Bxf6 gxf6 12. g3 Bb7 13. Bg2 0-0-0 14. Qh5 Bf8 15. Rhe1 Bg7 16. Kb1 Kb8 17. Rd2 h6 18. Red1 Rhe8 19. a4 b4 20. Ne2 Re7 21. Ned4 Nxd4 22. Rxd4 f5 23. Rxb4 Rc8 24. Rd2 fxe4 25. Na5 Qc5 26. Qxc5 dxc5 27. Rxb7+ Rxb7 28. Nxb7 Kxb7 29. Bxe4+ Kc7 30. c3 Bf6 31. Kc2 Rb8 32. Bd3 Ra8 33. Bc4 Be7 34. f5 exf5 35. Bxf7 Bd6 36. Rd5 f4 37. gxf4 Rf8 38. Rf5 Kd8 39. Kd3 Ke7 40. Bg6 Rxf5 41. Bxf5 Bxf4 42. Ke4 Bd6 43. a5 Bxh2 44. Bc8 h5 45. Bxa6 h4 46. Bf1 Kd6 47. Bh3 Bg1 48. Bg2 Kc7 49. Kd5 Bf2 50. a6 Kb8 51. Kc6 c4 52. Kb5 Ka7 53. Bf1 Be3 54. Bxc4 Bc1 55. b4 Bd2 1/2-1/2

[Event "Ufa Kopylov Memorial op"]
[Site "Ufa"]
[Date "2008.12.18"]
[Round "3"]
[White "Penzin, Vladimir"]
[Black "Guzairov, Arthur"]
[Result "0-1"]
[WhiteElo "2058"]
[BlackElo "2083"]
[PlyCount "48"]
[EventDate "2008.12.16"]
[EventType "swiss"]
[EventRounds "9"]
[EventCountry "RUS"]
[SourceTitle "EXT 2010"]
[Source "ChessBase"]
[SourceDate "2010.11.25"]
[SourceVersion "1"]
[SourceVersionDate "2010.11.25"]
[SourceQuality "1"]

1. e4 e6 2. d4 d5 3. e5 c5 4. c3 Nc6 5. Nf3 Qb6 6. a3 a5 7. Be2 cxd4 8. cxd4 Nh6 9. b3 Nf5 10. Bb2 Be7 11. h4 0-0 12. Bd3 f6 13. Bxf5 exf5 14. Nc3 Rd8 15. 0-0 Be6 16. exf6 Bxf6 17. Ne2 Rac8 18. Qd3 Ne7 19. Rfe1 Bf7 20. Ng3 f4 21. Rxe7 Bxe7 22. Nf5 Bf6 23. Ne5 Bg6 24. Re1 Qe6 0-1